Library Banner

The psychology of feeling sorry (Record no. 55337)

MARC details
000 -LEADER
fixed length control field 00426nam a2200181Ia 4500
001 - CONTROL NUMBER
control field 58071
008 - FIXED-LENGTH DATA ELEMENTS--GENERAL INFORMATION
fixed length control field 140507s9999 xx 000 0 und d
020 ## - INTERNATIONAL STANDARD BOOK NUMBER
International Standard Book Number NA
040 ## - CATALOGING SOURCE
Transcribing agency PK-LaUMT
082 ## - DEWEY DECIMAL CLASSIFICATION NUMBER
Classification number 152.44
Item number RAN-P
100 ## - MAIN ENTRY--PERSONAL NAME
Personal name Randall, Peter
245 #4 - TITLE STATEMENT
Title The psychology of feeling sorry
Statement of responsibility, etc Randall, Peter
260 ## - PUBLICATION, DISTRIBUTION, ETC. (IMPRINT)
Place of publication, distribution, etc London,UK:
Name of publisher, distributor, etc Routledge,
Date of publication, distribution, etc 2013
300 ## - PHYSICAL DESCRIPTION
Extent 378 p.
546 ## - LANGUAGE NOTE
Language note EN
650 ## - SUBJECT ADDED ENTRY--TOPICAL TERM
Topical term or geographic name as entry element Remorse
942 ## - ADDED ENTRY ELEMENTS (KOHA)
Koha item type Books
Holdings
Withdrawn status Lost status Damaged status Not for loan Home library Current library Date acquired Total Checkouts Full call number Barcode Date last seen Date checked out Price effective from Koha item type
        UMT Main Campus UMT Main Campus 2014-05-07 5 152.44 RAN-P 76900 2022-11-19 2022-03-11 2014-05-08 Books